Sobre literatura y crítica latinoamericana /

Na minha lista:
Detalhes bibliográficos
Autor principal: Cornejo Polar, Antonio
Formato: Livro
Idioma:Spanish
Publicado em: Caracas, Venezuela Universidad de Venezuela. Facultad de Humanidades y Educación 1982
Assuntos:
Tags: Adicionar Tag
Sem tags, seja o primeiro a adicionar uma tag!

MARC

LEADER 00000nam a22000007a 4500
008 140623s1982 ve |||f |||| 000 0 spa d
082 |a A860.9  |b C813s 
100 1 |a Cornejo Polar, Antonio 
245 |a Sobre literatura y crítica latinoamericana /  |c Antonio Cornejo Polar 
260 |a Caracas, Venezuela  |b Universidad de Venezuela. Facultad de Humanidades y Educación   |c 1982 
300 |a 123 páginas 
650 1 7 |9 68  |a LITERATURA LATINOAMERICANA 
650 1 7 |a CRITICA LITERARIA 
650 1 7 |a LITERATURA PERUANA  |9 67 
942 |2 ddc  |c BK 
999 |c 3308  |d 3308